| 000 | 00489cam a22001097a 4500 | ||
|---|---|---|---|
| 008 | 180718b1976 xxu||||| |||| 00| 0 eng d | ||
| 082 | _aT068x54 In2 | ||
| 245 |
_aTables with notes onn the inquiry on physically handicapped persons _cby National Sample Survey Organisation. Department of Statistics. Ministry of Planning |
||
| 260 |
_aNew Delhi _bGovernment of India _c1976 |
||
| 300 | _a31p | ||
| 700 | _aIndia. National Sample Survey Organisation. Department of Statistics. Ministry of Planning | ||
| 999 |
_c497144 _d497144 |
||